| 000 | 01556cam a2200421 a 4500 | ||
|---|---|---|---|
| 001 | 8271236 | ||
| 003 | OSt | ||
| 005 | 20140310182500.0 | ||
| 008 | 100721s2011 moua b 001 0 eng | ||
| 010 | _a 2010031016 | ||
| 016 | 7 |
_a101536394 _2DNLM |
|
| 020 | _a9781437709803 (hardcover : alk. paper) | ||
| 020 | _a143770980X (hardcover : alk. paper) | ||
| 035 | _a(OCoLC)ocn649795925 | ||
| 035 |
_a(OCoLC)649795925 _z(OCoLC)607974054 |
||
| 035 | _a(NNC)8271236 | ||
| 040 |
_aDNLM/DLC _cDLC _dYDX _dBTCTA _dNLM _dYDXCP |
||
| 042 | _apcc | ||
| 050 | 0 | 0 |
_aRC 78.7.U4 _b.K745 2011 |
| 060 | 1 | 0 | _aWN 208 |
| 082 | 0 | 0 | _a616.07/543 |
| 100 | 1 |
_aKremkau, Frederick W. _98623 |
|
| 245 | 1 | 0 |
_aSonography principles and instruments / _cFrederick W. Kremkau ; with contributions by Flemming Forsberg. |
| 250 | _a8th ed. | ||
| 260 |
_aSt. Louis, Mo. : _bElsevier/Saunders, _cc2011. |
||
| 300 |
_axi, 292 p. : _bill. (some col.) ; _c29 cm. |
||
| 500 | _aRev. ed. of: Diagnostic ultrasound / Frederick W. Kremkau. 7th ed. c2006. | ||
| 504 | _aIncludes bibliographical references and index. | ||
| 505 | 0 | _aIntroduction -- Ultrasound -- Transducers -- Instruments -- Doppler principles -- Artifacts -- Performance and safety -- Review. | |
| 562 | _eFor circulation. 1 copy available in the collection | ||
| 650 | 0 |
_aUltrasonic imaging. _98624 |
|
| 650 | 1 | 2 |
_aUltrasonography. _98625 |
| 700 | 1 |
_aForsberg, Flemming. _98626 |
|
| 700 | 1 |
_aKremkau, Frederick W. _tDiagnostic ultrasound. _98627 |
|
| 942 |
_2lcc _cSSLC |
||
| 999 |
_c13798 _d13798 |
||